| Tag |
First Indicator |
Second Indicator |
Subfields |
| LEADER |
00000cam a22000008a 4500 |
| 001 |
in00000085301 |
| 005 |
20151008055829.0 |
| 008 |
810904s1981 nyu b 00110 eng |
| 010 |
|
|
|a 81040470
|
| 020 |
|
|
|a 0804427070 :
|c $10.95
|
| 035 |
|
|
|a (OCoLC)07796696
|
| 035 |
|
|
|9 AAJ4503AM
|
| 039 |
0 |
|
|a 2
|b 3
|c 3
|d 3
|e 3
|
| 040 |
|
|
|a DLC
|c DLC
|d TXA
|d UtOrBLW
|
| 049 |
|
|
|a TXAM
|c [1442647]
|
| 050 |
0 |
0 |
|a PS3523.O89
|b Z84
|
| 082 |
0 |
|
|a 811/.52
|2 19
|
| 100 |
1 |
|
|a Raffel, Burton.
|
| 245 |
1 |
0 |
|a Robert Lowell /
|c Burton Raffel.
|
| 263 |
|
|
|a 8111
|
| 264 |
|
1 |
|a New York :
|b Ungar,
|c [1981]
|
| 264 |
|
4 |
|c ©1981
|
| 300 |
|
|
|a x, 157 pages ;
|c 21 cm.
|
| 336 |
|
|
|a text
|b txt
|2 rdacontent
|
| 337 |
|
|
|a unmediated
|b n
|2 rdamedia
|
| 338 |
|
|
|a volume
|b nc
|2 rdacarrier
|
| 490 |
1 |
|
|a Modern literature series
|
| 500 |
|
|
|a Includes index.
|
| 504 |
|
|
|a Bibliography: pages 150-152.
|
| 600 |
1 |
0 |
|a Lowell, Robert,
|d 1917-1977
|x Criticism and interpretation.
|
| 830 |
|
0 |
|a Modern literature series.
|
| 999 |
|
|
|a MARS
|
| 999 |
f |
f |
|s f50795e0-6a67-3833-bf01-f165eef01b64
|i 46a6b361-a220-34b9-88be-2eb1b1bb81b3
|t 0
|
| 952 |
f |
f |
|p normal
|a Texas A&M University
|b College Station
|c Sterling C. Evans Library
|d Evans: Library Stacks
|t 0
|e PS3523.O89 Z84
|h Library of Congress classification
|i unmediated -- volume
|m A14806190999
|
| 998 |
f |
f |
|a PS3523.O89 Z84
|t 0
|l Evans: Library Stacks
|